00478nam a2200205Ia 4500003000400000005001700004008004100021020001900062040000700081041000800088082001900096100001900115245002700134250000600161260004000167300001900207365001300226650001400239650001900253OSt20230406100045.0210423s2009 xx 000 0 und d a97888130908632 cAL aeng a338.5 VARH223 aVARIAN (Hal R) aMicroeconomic analysis a3 aNew DelhibViva Books Pvt Ltdc2009 axv,506,A42bPB b395cINR aEconomics aMicroeconomics